000 00712nam a2200217Ii 4500
003 JO-AjNU
008 230605s9999||||xx |||||||||||||| ||und||
017 _a2008/12/4156
040 _aJO-AjNU
_bara
_erda
_cJO-AjNU
041 _aara
050 1 4 _aPJ7950 2009
100 3 _aبني هاني، محمد عبد الهادي مذيب عبدالله,
_eauthor
_950034
245 0 0 _aالطريق الى المسرح
250 _aط1
264 3 1 _aاربد: دار الكندي للنشر والتوزيع، 2009
300 _a182ص
336 _atext
_btxt
_2rdacontent
337 _aunmediated
_bn
_2rdamedia
338 _avolume
_bnc
_2rdacarrier
650 4 _aالمسرح - مسرحيات عربية
_950035
999 _aA22014
_c25582
_d25582